Moses v Leahy (Valuation Officer) (Record no. 77278)
[ view plain ]
| 000 -LEADER | |
|---|---|
| fixed length control field | 01245cab a2200181 4500 |
| 001 - CONTROL NUMBER | |
| control field | ##L133949 |
| 008 - FIXED-LENGTH DATA ELEMENTS--GENERAL INFORMATION | |
| fixed length control field | 060622n2006 000 0 eng u |
| 035 ## - SYSTEM CONTROL NUMBER | |
| System control number | (Sirsi) u133949 |
| 041 0# - LANGUAGE CODE | |
| Language code of text/sound track or separate title | eng |
| 245 00 - TITLE STATEMENT | |
| Title | Moses v Leahy (Valuation Officer) |
| 260 ## - PUBLICATION, DISTRIBUTION, ETC. | |
| Date of publication, distribution, etc. | 2006 |
| 490 #0 - SERIES STATEMENT | |
| Series statement | Rating and Valuation Reporter |
| Volume/sequential designation | 2006, 117-119(3) |
| 520 ## - SUMMARY, ETC. | |
| Summary, etc. | [2006] EWCA Civ 116, 1 February 2006. Concerns the rateable value of premises that M believed to be unfit for occupation. M sought permission to appeal from a Lands Tribunal decision ([2005] RA 315) that dismissed an appeal against the 2000 rating list entry for the property. M said he had not received a fair hearing from a Lands Tribunal member who had refused to sign a statement to the effect that, as hypothetical tenant, the member would take a lease to occupy the property. "Held": permission refused. No challenge on the grounds of error of law had been identified. The Lands Tribunal member was correct to refuse to sign the statement and was entitled to refuse to adjourn to inspect the premises. |
| 650 24 - SUBJECT ADDED ENTRY--TOPICAL TERM | |
| Topical term or geographic name entry element | NON-DOMESTIC RATING (ALTERATION OF LISTS AND APPEALS) REGULATIONS 1993 |
| 651 #4 - SUBJECT ADDED ENTRY--GEOGRAPHIC NAME | |
| Geographic name | England and Wales |
| Chronological subdivision | 1543- |
| 690 ## - LOCAL SUBJECT ADDED ENTRY--TOPICAL TERM (OCLC, RLIN) | |
| Topical term or geographic name as entry element | PROPERTY-PROPERTY VALUATION AND APPRAISAL |
| 942 ## - ADDED ENTRY ELEMENTS (KOHA) | |
| Suppress in OPAC | 0 |
| Withdrawn status | Lost status | Source of classification or shelving scheme | Damaged status | Not for loan | Home library | Current library | Shelving location | Date acquired | Total Checkouts | Full call number | Barcode | Date last seen | Copy number | Price effective from | Koha item type |
|---|---|---|---|---|---|---|---|---|---|---|---|---|---|---|---|
| Dewey Decimal Classification | London | London | Journal article | 22/06/2006 | L133949 | 133949-1001 | 06/08/2019 | 1 | 06/08/2019 | Law report |